01276cam a2200325 a 4500999001700000001000800017003000500025005001700030008004100047010001700088020002500105038001100130040001800141050001800159051005100177082001300228100004100241245011100282260005300393300002500446500007700471504005100548650003200599650002800631710007100659830004600730906004500776942001200821952011700833 c48257d482579173914Nust20180709082420.0770808s1914 ilu b 001 0 eng  a 14018110  a0415096057cRs. 1020 aArshad aDLCcDLCdDLC00aB1649.R93bO8 aB1649.R93bO8 Copy 3cIn original dust jacket. a192bRUS1 aRussell, Bertrand,d1872-1970.9198510aOur knowledge of the external world as a field for scientific method in philosophy /cby Bertrand Russell. aChicago :bThe Open Court Publishing Co.,c1914. aix, 251 p. ;c23 cm. a"Delivered as Lowell Lectures in Boston, in March and April 1914"--Pref. aIncludes bibliographical references and index. 0aKnowledge, Theory of.91794 0aLogical atomism.9114482 aOliver Wendell Holmes Collection (Library of Congress)5DLC911507 0aLowell Institute lectures ;v1914.911508 a7bcbccpremverd1encipf19gy-genrareb 2ddccBK 00102ddc40708NFICaCLbCLcCARTd2017-01-13l2m1o192 RUSpCL711r2026-05-04s2026-03-04t1w2017-01-13yBK